[Event "LiSB-ch B"]
[Site "Sittard"]
[Date "2003.11.30"]
[Round "4"]
[White "Van Steenbergen, Bert"]
[Black "Lafleur, John"]
[Result "1/2-1/2"]
[WhiteElo "1868"]
[BlackElo "1826"]
[PlyCount "92"]
[EventDate "2003.11.29"]
[EventType "swiss"]
[EventRounds "7"]
[EventCountry "NED"]
[SourceTitle "EXT 2009"]
[Source "ChessBase"]
[SourceDate "2008.11.26"]
[SourceVersion "1"]
[SourceVersionDate "2008.11.26"]
[SourceQuality "1"]

1. d4 d5 2. Nf3 Nf6 3. Nbd2 e6 4. g3 Nbd7 5. a3 c5 6. c4 b6 7. cxd5 exd5 8. dxc5 Bxc5 9. b4 Bd6 10. Nc4 Qe7 11. Nxd6+ Qxd6 12. Bf4 Qe7 13. Bg2 0-0 14. Rc1 a5 15. Rc6 Re8 16. Bd6 Qd8 17. bxa5 Ba6 18. e3 bxa5 19. Nd4 Ne5 20. Bxe5 Rxe5 21. Qc1 Ne4 22. f3 Nd6 23. f4 Re8 24. Bxd5 Bb7 25. Rc5 Rc8 26. Bxb7 Rxc5 27. Qxc5 Rxe3+ 28. Ne2 Rxe2+ 29. Kxe2 Nxb7 30. Qe3 h5 31. Rd1 Qc8 32. Rd5 Qc2+ 33. Rd2 Qc4+ 34. Kf2 Nc5 35. Rd4 Qc2+ 36. Qe2 Qg6 37. Rd8+ Kh7 38. Rd5 Ne4+ 39. Kg2 f5 40. Rxa5 h4 41. Ra6 Nf6 42. a4 hxg3 43. hxg3 Qf7 44. Kg1 Qb3 45. a5 Qxg3+ 46. Qg2 Qe1+ 1/2-1/2

[Event "LiSB-ch B"]
[Site "Sittard"]
[Date "2003.11.29"]
[Round "1"]
[White "Lafleur, John"]
[Black "Daemen, Peter"]
[Result "0-1"]
[WhiteElo "1826"]
[BlackElo "1723"]
[PlyCount "66"]
[EventDate "2003.11.29"]
[EventType "swiss"]
[EventRounds "7"]
[EventCountry "NED"]
[SourceTitle "EXT 2009"]
[Source "ChessBase"]
[SourceDate "2008.11.26"]
[SourceVersion "1"]
[SourceVersionDate "2008.11.26"]
[SourceQuality "1"]

1. d4 Nf6 2. c4 g6 3. Nc3 Bg7 4. e4 d6 5. f3 0-0 6. Bg5 c5 7. d5 a6 8. Qd2 Nbd7 9. Nh3 b5 10. cxb5 Ne5 11. Nf2 Qa5 12. Be2 axb5 13. Nxb5 Qxd2+ 14. Bxd2 Rb8 15. a4 Ne8 16. Bc3 e6 17. f4 Nd7 18. Bxg7 Kxg7 19. 0-0 exd5 20. exd5 Ndf6 21. Bc4 Bd7 22. Rad1 Bxb5 23. Bxb5 Nc7 24. Bc6 Rxb2 25. Rfe1 Rfb8 26. Re7 Na6 27. g4 Rc2 28. Rb7 Rxb7 29. Bxb7 Nb4 30. g5 Nh5 31. Ne4 Nxf4 32. Nxd6 Nh3+ 33. Kf1 Rf2+ 0-1

[Event "Weijers OHK op"]
[Site "Weijers"]
[Date "2003.??.??"]
[Round "?"]
[White "Douma, Pascal"]
[Black "Lafleur, John"]
[Result "1/2-1/2"]
[WhiteElo "1840"]
[BlackElo "1810"]
[PlyCount "48"]
[EventDate "2003.??.??"]
[EventType "swiss"]
[EventRounds "7"]
[EventCountry "NED"]
[SourceTitle "EXT 2007"]
[Source "ChessBase"]
[SourceDate "2006.11.23"]
[SourceVersion "1"]
[SourceVersionDate "2006.11.23"]
[SourceQuality "1"]

1. e4 e5 2. f4 Bc5 3. Nf3 d6 4. d4 exd4 5. Nxd4 Nf6 6. Nc3 Bg4 7. Qd3 Bxd4 8. Qxd4 Nc6 9. Bb5 Bd7 10. Qf2 0-0 11. 0-0 Re8 12. Bd3 Nb4 13. Bd2 Nxd3 14. cxd3 Bc6 15. Rfe1 Qd7 16. h3 Re6 17. g4 Kh8 18. Qh4 Ng8 19. f5 Re7 20. g5 f6 21. g6 h6 22. Re2 Rae8 23. Rae1 d5 24. Qf4 dxe4 1/2-1/2

[Event "LiSB-ch"]
[Site "Stein"]
[Date "2002.12.08"]
[Round "7"]
[White "Scheeren, Fred"]
[Black "Lafleur, John"]
[Result "1/2-1/2"]
[WhiteElo "1941"]
[BlackElo "1770"]
[PlyCount "79"]
[EventDate "2002.11.30"]
[EventType "swiss"]
[EventRounds "7"]
[EventCountry "NED"]
[SourceTitle "EXT 2013"]
[Source "ChessBase"]
[SourceDate "2012.11.22"]
[SourceVersion "1"]
[SourceVersionDate "2012.11.22"]
[SourceQuality "1"]

1. d4 d5 2. c4 c6 3. Nf3 Nf6 4. Nc3 e6 5. e3 Nbd7 6. Bd3 Bb4 7. 0-0 Bxc3 8. bxc3 0-0 9. Qc2 h6 10. Bd2 Re8 11. e4 dxe4 12. Bxe4 Nxe4 13. Qxe4 Nf6 14. Qh4 b6 15. Ne5 Bb7 16. Rfd1 Nd7 17. Qg3 Kf8 18. Nxc6 Bxc6 19. Qd6+ Kg8 20. Qxc6 Rc8 21. Qb5 Nf6 22. Bf4 Ne4 23. Re1 Nd6 24. Bxd6 Qxd6 25. Qa6 Red8 26. Rab1 Rc7 27. h3 Rdc8 28. c5 Qc6 29. cxb6 axb6 30. Qxb6 Qxb6 31. Rxb6 Rxc3 32. Ra6 Rd3 33. a4 Rxd4 34. Re3 Rc1+ 35. Kh2 Ra1 36. Ra8+ Kh7 37. Rf3 f6 38. a5 Rda4 39. Re8 Rxa5 40. Rxe6 1/2-1/2

[Event "LiSB-ch"]
[Site "Stein"]
[Date "2002.12.07"]
[Round "5"]
[White "Van Alphen, Raimund"]
[Black "Lafleur, John"]
[Result "0-1"]
[WhiteElo "1841"]
[BlackElo "1770"]
[PlyCount "68"]
[EventDate "2002.11.30"]
[EventType "swiss"]
[EventRounds "7"]
[EventCountry "NED"]
[SourceTitle "EXT 2013"]
[Source "ChessBase"]
[SourceDate "2012.11.22"]
[SourceVersion "1"]
[SourceVersionDate "2012.11.22"]
[SourceQuality "1"]

1. e4 e5 2. Nf3 Nf6 3. Nxe5 d6 4. Nf3 Nxe4 5. d4 d5 6. Bd3 Bd6 7. 0-0 0-0 8. c4 c6 9. Re1 Re8 10. Nc3 Nxc3 11. bxc3 Rxe1+ 12. Qxe1 h6 13. Rb1 Nd7 14. cxd5 cxd5 15. Rb5 Nf6 16. Ne5 Qc7 17. f4 Bd7 18. Rb1 Re8 19. Bd2 Bc6 20. Qh4 Ne4 21. Bxe4 dxe4 22. Re1 Bd5 23. a4 a6 24. Qg4 Bxe5 25. fxe5 Re6 26. Re3 Qc6 27. Qd1 Rg6 28. a5 Bc4 29. Qc1 Qd5 30. Qb2 Bd3 31. Qb4 Qa2 32. Rxd3 exd3 33. c4 Qa1+ 34. Kf2 Qxd4+ 0-1

[Event "LiSB-ch B"]
[Site "Stein"]
[Date "2000.12.02"]
[Round "6"]
[White "Spronkmans, Stefan"]
[Black "Lafleur, John"]
[Result "1/2-1/2"]
[WhiteElo "1742"]
[BlackElo "1809"]
[PlyCount "79"]
[EventDate "2000.11.25"]
[EventType "swiss"]
[EventRounds "7"]
[EventCountry "NED"]
[SourceTitle "EXT 2013"]
[Source "ChessBase"]
[SourceDate "2012.11.22"]
[SourceVersion "1"]
[SourceVersionDate "2012.11.22"]
[SourceQuality "1"]

1. e4 e5 2. Nf3 Nf6 3. Nc3 d6 4. Bc4 Be7 5. 0-0 Nc6 6. h3 0-0 7. d3 Na5 8. Bb3 Nxb3 9. axb3 c5 10. Be3 Be6 11. Qe2 Qd7 12. Ng5 h6 13. Nxe6 fxe6 14. f4 exf4 15. Bxf4 e5 16. Bg3 g6 17. Bh4 g5 18. Bg3 a6 19. Rf2 Rf7 20. Raf1 Raf8 21. Bh2 Bd8 22. g4 Ba5 23. Nd1 Ne8 24. Ne3 Rxf2 25. Rxf2 Rxf2 26. Qxf2 Qf7 27. Qxf7+ Kxf7 28. Nf5 Kg6 29. c3 b5 30. Bg3 Bc7 31. Kf2 Ng7 32. Nxg7 Kxg7 33. Ke2 Kf6 34. Kd2 Ke6 35. Kc2 Ba5 36. Kb1 Bd8 37. Ka2 Ba5 38. Be1 Bc7 39. Ka3 Bd8 40. Ka2 1/2-1/2

[Event "LiSB-ch B"]
[Site "Stein"]
[Date "2000.11.26"]
[Round "4"]
[White "Metsemakers, Peter"]
[Black "Lafleur, John"]
[Result "0-1"]
[WhiteElo "1717"]
[BlackElo "1809"]
[PlyCount "70"]
[EventDate "2000.11.25"]
[EventType "swiss"]
[EventRounds "7"]
[EventCountry "NED"]
[SourceTitle "EXT 2013"]
[Source "ChessBase"]
[SourceDate "2012.11.22"]
[SourceVersion "1"]
[SourceVersionDate "2012.11.22"]
[SourceQuality "1"]

1. e4 e5 2. Nf3 Nf6 3. Nxe5 d6 4. Nf3 Nxe4 5. Bd3 Nc5 6. Be2 d5 7. d4 Ne4 8. 0-0 Be7 9. Re1 0-0 10. Bf4 c6 11. c3 Nd7 12. Nbd2 f5 13. Ne5 Nxe5 14. Bxe5 Be6 15. f3 Nd6 16. f4 Ne4 17. Nf3 a5 18. g3 a4 19. a3 h5 20. Bd3 h4 21. Kg2 Bf7 22. Re3 Bh5 23. Qe1 hxg3 24. hxg3 Bg4 25. Nh2 Bh5 26. Nf3 Kf7 27. Qe2 Rh8 28. Rh1 Bg4 29. Qc2 Rxh1 30. Kxh1 Nxg3+ 31. Kg2 Ne4 32. Re1 Qh8 33. Nh2 Qh3+ 34. Kh1 Rh8 35. Bxe4 fxe4 0-1